La Proteccion internacional y constitucional de los derechos sociales /
Gespeichert in:
| 1. Verfasser: | |
|---|---|
| Format: | Text |
| Tags: |
Tag hinzufügen
Keine Tags, Fügen Sie den ersten Tag hinzu!
|
MARC
| LEADER | 00000 a a2200000 04500 | ||
|---|---|---|---|
| 001 | 5211 | ||
| 003 | |||
| 040 | |||
| 100 | |a Casal H., Jesús M. | ||
| 245 | |a La Proteccion internacional y constitucional de los derechos sociales / |c Jesús M. Casal H. | ||
| 773 | |g volumen 61, número 690; páginas 455-470 | ||
| 999 | |c 24434 |d 24434 | ||
| 773 | 0 | |0 18723 |9 2697 |a Universidad Centroamericana José Simeón Cañas (UCA) |d San Salvador, El Salvador Universidad Centroamericana José Simeón |o 01912 |t ECA: | |
